00355nam a2200085Ia 4500008004100000100002400041245012700065260006300192650001400255160725s9999 xx 000 0 und d aNorberte, Robert F. aDominant learning styles as correlates to the mathematics performance of the freshman students of Business Administration. bKaizen Research Journal College of EducationcJanuary 2014 aEDUCATION